Deli Halid Paşa/ (Record no. 6643)
| 000 -BAŞLIK | |
|---|---|
| Sabit Uzunluktaki Kontrol Alanı | 01303nam a22003737a 4500 |
| 001 - KONTROL NUMARASI | |
| Control Dosyası | 0006662 |
| 003 - KONTROL NUMARASI KİMLİĞİ | |
| Kontrol Alanı | KOHA_MİRAKIL |
| 005 - EN SON İŞLEM TARİHİ ve ZAMANI | |
| Kontrol Alanı | 20260207001529.0 |
| 007 - FİZİKSEL TANIM SABİT ALAN - GENEL BİLGİ | |
| Sabit uzunluklu kontrol alanı | ta |
| 008 - SABİT UZUNLUKTAKİ VERİ ÖGELERİ - GENEL BİLGİ | |
| Sabit Alan | 090804b1996 tu |||gr||||#0|||0|tur | |
| 020 ## - ISBN - ULUSLARARASI STANDART KİTAP NUMARASI | |
| Isbn | 9751717108 |
| Kullanılabilirlik koşulları | 0,01 |
| 040 ## - KATALOGLAMA KAYNAĞI | |
| Özgün Kataloglama Kurumu | TR-BiSEU |
| Kataloglama Dili | tur |
| Çeviri Kurumu | TR-BiSEU |
| Açıklama Kuralları | rda |
| 041 0# - DİL KODU | |
| Metin ya da ses kaydının dil kodu | tur |
| 044 ## - YAYINLAYAN/ÜRETEN KURULUŞUN ÜLKE KODU | |
| ISO country code | tu |
| 050 ## - SINIFLAMA ve YER NUMARASI | |
| Sınıflama Numarası | DR592.H35 |
| Yer Numarası | S65 1996 |
| 100 0# - KİŞİ ADI | |
| Yazar Adı (Kişi adı) | Deli Halid Paşa. |
| 245 1# - ESER ADI BİLDİRİMİ | |
| Başlık | Deli Halid Paşa/ |
| Sorumluluk Bildirimi | Deli Halid Paşa ; Deli Halid Paşa; [hazırlayan] Gürsoy Solmaz. |
| 264 #1 - ÜRERİM, YAYIN, DAĞITIM ve TELİF BİLDİRİMİ | |
| Yayın yeri | Ankara : |
| Yayınlayan | Kültür Bakanlığı |
| Yayın tarihi | 1996 |
| 300 ## - FİZİKSEL TANIMLAMA | |
| Sayfa, Cilt vb. | xi, 182 sayfa: resimli; 21 cm. |
| 336 ## - İÇERİK TÜRÜ | |
| Content type term | metin |
| Content type code | txt |
| Source | rdacontent |
| 337 ## - MEDYA TÜRÜ | |
| Media type term | aracısız |
| Media type code | n |
| Source | rdamedia |
| 338 ## - TAŞIYICI TÜRÜ | |
| Carrier type term | cilt |
| Carrier type code | nc |
| Source | rdacarrier |
| 490 1# - DİZİ BİLDİRİMİ | |
| Dizi Bildirimi | Kültür Bakanlığı yayınları ; |
| Cilt Numarası | 1890. |
| 490 1# - DİZİ BİLDİRİMİ | |
| Dizi Bildirimi | Yayımlar Daire Başkanlığı başvuru kitapları dizisi ; |
| Cilt Numarası | 37. |
| 500 ## - GENEL NOT | |
| Genel Not | Kaynakça var. |
| 650 #0 - KONU BAŞLIĞI EK GİRİŞ - KONU TERİMİ | |
| Konusal terim veya coğrafi ad | Halid Paşa, 1883-1925--Biography. |
| 9 (RLIN) | 16463 |
| 650 #0 - KONU BAŞLIĞI EK GİRİŞ - KONU TERİMİ | |
| Konusal terim veya coğrafi ad | Halid Paşa, 1883-1925--Biyografi. |
| 9 (RLIN) | 16464 |
| 650 #0 - KONU BAŞLIĞI EK GİRİŞ - KONU TERİMİ | |
| Konusal terim veya coğrafi ad | Turkey--Revolution, 1918-1923. |
| 9 (RLIN) | 16465 |
| 650 #0 - KONU BAŞLIĞI EK GİRİŞ - KONU TERİMİ | |
| Konusal terim veya coğrafi ad | Kurtuluş Savaşı, 1918-1923. |
| 9 (RLIN) | 4932 |
| 830 1# - SERİ EK GİRİŞİ - TEKBİÇİM ESER ADI | |
| Tekbiçim Başlık | Kültür Bakanlığı yayınları ; |
| Volume number/sequential designation | 1890. |
| 9 (RLIN) | 6658 |
| 830 1# - SERİ EK GİRİŞİ - TEKBİÇİM ESER ADI | |
| Tekbiçim Başlık | Yayımlar Daire Başkanlığı başvuru kitapları dizisi ; |
| Volume number/sequential designation | 37. |
| 9 (RLIN) | 16466 |
| 907 ## - LOCAL DATA ELEMENT G, LDG (RLIN) | |
| a | Tarih |
| 942 ## - EK GİRİŞ ÖGELERİ (KOHA) | |
| Source of classification or shelving scheme | Library of Congress Classification |
| Koha item type | Book |
| Materyal Türü | Kalıcı Konum | Mevcut Konum | Raf Yeri | Sınıflandırma Kaynağı | Edinim Bilgisi | Ana Konular | Alt Konular | Yer Numarası | Demirbaş Numarası | Fatura Tarihi | Geri Çekilme Durumu | Kayıp Durumu | Hasarlı Durumu | Kredi için değil | Kayıt Tarih | Toplam Ödünçverme | Son Görülme Tarihi | Son Kontrol Tarihi | Genel / Bağış Notu |
|---|---|---|---|---|---|---|---|---|---|---|---|---|---|---|---|---|---|---|---|
| Book | Prof. Dr. Azmi Özcan Kütüphanesi | Prof. Dr. Azmi Özcan Kütüphanesi | Uluğbey Salonu | Library of Congress Classification | Bağış | DÜNYA TARİHİ (AVRUPA, ASYA, AFRİKA VB.) | Balkan Yarımadası | DR592.H35 S65 1996 | 0006662 | 13/08/2010 | 04/08/2009 | 05/12/2024 | 05/12/2024 | Genel Bağış |
